| 000 | 01267nam a22002537a 4500 | ||
|---|---|---|---|
| 001 | 9621 | ||
| 003 | FISKH | ||
| 005 | 20260126120212.0 | ||
| 008 | 260126b cb ||||| |||| 00| 0 eng d | ||
| 020 | _a9781841495484 | ||
| 040 |
_aFISKH _beng _cFISKH _dFISKH |
||
| 050 | _aPS3552 .R6596 .S9 | ||
| 082 | _a813.087661 | ||
| 100 |
_aBrooks, Terry _eAuthor |
||
| 245 |
_aThe sword of Shannara / _cTerry Brooks |
||
| 260 |
_aEdinburgh : _bOrbit , _c2006 |
||
| 300 |
_a664 pages : _c20 cm |
||
| 490 |
_aThe Shannara trilogy : _vBook 1 |
||
| 520 | _aLong ago, the wars of the ancient Evil ruined the world. In peaceful Shady Vale, half-elfin Shea Ohmsford knows little of such troubles. But the supposedly dead Warlock Lord is plotting to destroy everything in his wake.The sole weapon against this Power of Darkness is the Sword of Shannara, which can be used only by a trueheir of Shannara. On Shea, last of the bloodline,rests the hope of all the races. Thus begins the enthralling Shannara epic,a spellbinding tale of adventure, magic, and myth . . . BONUS: This edition contains an excerpt from Terry Brooks's The Measure of the Magic. | ||
| 650 |
_aShannara chronicles _vShannara trilogy |
||
| 650 |
_aEpic fantasy _vMagic |
||
| 942 |
_2ddc _cBK _n0 |
||
| 999 |
_c9621 _d9621 |
||